Sổ tay kiến thức Tiếng Việt trung học phổ thông
v.v...
Đã lưu trong:
| Tác giả chính: | |
|---|---|
| Định dạng: | Sách |
| Năm xuất bản: |
H.
Giáo dục
2002
|
| Phiên bản: | Tái bản lần thứ 2 |
| Chủ đề: | |
| Tags: |
Thêm thẻ
Không có thẻ, Hãy là người đầu tiên gắn thẻ bản ghi này!
|
| LEADER | 00682nam a2200205 4500 | ||
|---|---|---|---|
| 999 | |c 10664 |d 10664 | ||
| 082 | |a 495.922 |b Đ450V | ||
| 100 | |a Đỗ Việt Hùng | ||
| 245 | |a Sổ tay kiến thức Tiếng Việt trung học phổ thông |c Đỗ Việt Hùng | ||
| 250 | |a Tái bản lần thứ 2 | ||
| 260 | |a H. |b Giáo dục |c 2002 | ||
| 300 | |a 204 tr. |c 18 cm. | ||
| 520 | |a v.v... | ||
| 653 | |a Ngôn ngữ | ||
| 653 | |a Tiếng Việt | ||
| 653 | |a Trường THPT | ||
| 653 | |a Sổ tay | ||
| 653 | |a Kiến thức | ||
| 942 | |2 ddc |c SH | ||
| 952 | |0 0 |1 0 |2 ddc |4 0 |6 495_922000000000000_Đ450V |7 0 |8 400 |9 92210 |a qbu |b qbu |c D2 |d 2015-08-28 |g 6400 |o 495.922 Đ450V |p 10550.c1 |r 0000-00-00 |w 2015-08-28 |y SH | ||